| 000 | 00000nas 2200000zi 4500 |
| 001 | 9.936978 |
| 003 | CaOODSP |
| 005 | 20240418111707 |
| 006 | m o d f |
| 007 | cr ||||||||||| |
| 008 | 240417c20199999oncar p o f0###a0eng|d |
| 040 | |aCaOODSP|beng|erda|cCaOODSP |
| 043 | |an-cn--- |
| 086 | 1 |aH2-8E-PDF |
| 110 | 1 |aCanada. |bHealth Canada, |eauthor, |eissuing body. |
| 245 | 10|aAt a glance : |bdepartmental evaluation plan for the Public Health Agency of Canada and Health Canada, ... to ... |
| 246 | 3 |aAt a glance : |bdepartmental evaluation plan for Health Canada ... to ... |
| 264 | 1|a[Ottawa] : |bHealth Canada, |c[2019]- |
| 310 | |aAnnual |
| 336 | |atext|btxt|2rdacontent |
| 337 | |acomputer|bc|2rdamedia |
| 338 | |aonline resource|bcr|2rdacarrier |
| 362 | 1 |aBegan with: 2019/2020 to 2023/2024. |
| 500 | |aIssued also in French under title: Aperçu : Plan d'évaluation ministériel de l'ASPC et de Santé Canada ... à ... |
| 530 | |aIssues for 2022/2023- available in HTML format only. |
| 588 | |aDescription based on: 2019/2020 to 2023/2024; title from PDF caption. |
| 588 | |aLatest issue consulted: 2021/2022 to 2025/2026. |
| 610 | 10|aCanada. |bHealth Canada|xAppropriations and expenditures|vPeriodicals. |
| 610 | 20|aPublic Health Agency of Canada |xAppropriations and expenditures|vPeriodicals. |
| 650 | 0|aExpenditures, Public|vPeriodicals. |
| 655 | 7|aPeriodicals|2lcgft |
| 775 | 08|tAperçu : |w(CaOODSP)9.936991 |
| 856 | 41|qHTML|sN/A|uhttps://www.canada.ca/en/health-canada/corporate/transparency/corporate-management-reporting/evaluation.html|z(Issues for 2022/2023- ) |